|
|
|
|
| LEADER |
01107naa a2200217 i 4500 |
| 001 |
acta83483 |
| 005 |
20240130131910.0 |
| 008 |
240130s2023 hu o 100 hun d |
| 020 |
|
|
|a 978-963-648-013-4
|
| 040 |
|
|
|a SZTE Egyetemi Kiadványok Repozitórium
|b hun
|
| 041 |
|
|
|a hun
|
| 100 |
2 |
|
|a Kegyesné Szekeres Erika
|
| 245 |
1 |
3 |
|a Az anyanyelvi kompetencia és a digitális közösségi kommunikáció összefüggéseiről a magyartanárok szemszögéből
|h [elektronikus dokumentum] :
|b [absztrakt] /
|c Kegyesné Szekeres Erika
|
| 260 |
|
|
|a Juhász Gyula Felsőoktatási Kiadó
|b Szeged
|c 2023
|
| 300 |
|
|
|a 77
|
| 490 |
0 |
|
|a 150 éve a pedagógusképzésért - Neveléstudományi Konferencia
|
| 650 |
|
4 |
|a Társadalomtudományok
|
| 650 |
|
4 |
|a Oktatástudomány
|
| 695 |
|
|
|a Pedagógiai kutatás - előadáskivonat, Nyelvpedagógia - előadáskivonat, Anyanyelvi kompetencia - előadáskivonat
|
| 711 |
|
|
|a 150 éve a pedagógusképzésért - Neveléstudományi Konferencia
|c Szeged
|d 2023. október 12-13.
|
| 856 |
4 |
0 |
|u http://acta.bibl.u-szeged.hu/83483/1/150_eve_a_pedagoguskepzesert_2023_077.pdf
|z Dokumentum-elérés
|